| 000 | 00509nam a2200157 4500 | ||
|---|---|---|---|
| 001 | 136152 | ||
| 003 | ES-MaACL | ||
| 005 | 20230906195040.0 | ||
| 007 | t| | ||
| 008 | 070214s1960 sp r ||||1| spa d | ||
| 100 | 1 |
_aRuiz Rodríguez, Francisco. _9100916 |
|
| 245 | 1 | 3 |
_aEl submunicipio español _b: (la entidad local menor ante el Derecho) / _cFrancisco Ruiz Rodríguez. |
| 260 |
_aSantander : _b[s. n.], _c1960 ( _fTip. Casa Cimiano) |
||
| 300 |
_a263 p. ; _c26 cm. |
||
| 852 |
_aES-MaACL _jC-18220 _bR.46455 |
||
| 999 |
_c136152 _d136152 |
||